Proces redigovania 1 Proces redigovania všeobecne. Náčrt redigovania všeobecne

Bibliographic Details
Main Author: Charvát, Juraj, 1922- (Author)
Format: Book
Language:Slovak
PhysicalDescription:95 s. 20 cm
Published: Bratislava Tatrapress 1991
ISBN:8085260140
Edition:1. vyd.

MARC

LEADER 00000nam a2200000 a 4500
001 vtls001065263
003 SK-MaSNL
005 20260302030516.0
008 250414s1991 xo 0 slo
015 |a SNBA1991/08 
020 |a 8085260140 
035 |a SNK000008093 
040 |a SNK  |b slo  |c SNK  |e AACR2 
041 0 |a slo 
044 |a xo  |c SK 
080 |a 070.4(035)  |2 1981 
100 1 |a Charvát, Juraj,  |d 1922-  |4 aut  |9 105379 
245 1 0 |a Proces redigovania 1  |b Proces redigovania všeobecne. Náčrt redigovania všeobecne  |c Juraj Charvát 
250 |a 1. vyd. 
260 |a Bratislava  |b Tatrapress  |c 1991  |e Bratislava  |f Bratislavské tlačiarne 
300 |a 95 s.  |c 20 cm 
366 |e 600 výtl. 
500 |a Lit. 36. 36 zázn. v slov., češ., angl. a nem. 
852 |a Slovenská národná knižnica 
919 |a 80-85260-14-0 
954 |a novinárstvo  |a redigovanie 
958 |a NB 
958 |a TL 
999 |c 1047708  |d 1049638 
952 |a SNK  |b SNK  |y VYP  |7 0  |p 17A0067051  |o snkSD 63362/1 D1  |i snkKSP 5454/91  |0 0  |1 0  |4 0  |d 1997-05-14  |l 0  |r 2004-12-31 00:00:00  |w 2026-02-24